| 000 | 00559nam a2200193Ia 4500 | ||
|---|---|---|---|
| 003 | GCL | ||
| 008 | 140319s9999 xx 000 0 ara d | ||
| 040 |
_aGCL / _cGCL |
||
| 082 | 0 | 4 |
_aق _b932.096 _bو م |
| 100 | 1 | _aرمزى عبده جرجس | |
| 245 | 1 | 0 |
_aالامبراطورية الرومانية / _cرمزى عبده جرجس |
| 700 | 1 | _aورد, تشارلز | |
| 490 |
_aالالف كتاب _v0 |
||
| 650 | 0 | 4 | _aتاريخ |
| 650 | 0 | 4 | _aالعرب والروم |
| 650 | 0 | 4 | _aاباطرة الرومان |
| 650 | 0 | 4 | _aالروم |
| 942 |
_2ddc _cBK |
||
| 999 |
_c42790 _d42790 |
||